000 00332nam a2200133 i 4500
001 bgj
245 0 0 _aCambridge first certificate examination practice 3 :
_bteacher's book.
250 _a[4th impr.].
260 _aCambridge,
_c1992.
040 _cBPK
041 _aeng
942 _cKS
008 s uk f |000 0 eng
999 _c47376
_d47376